000 00906nas a2200277 4500
001 BR0203559
003 BR-BrBNA
005 20231205103115.0
007 ta
008 230509b bl.|||p| |||| 00| 00por d
040 _aBR-BrBNA
_bpor
_cBiblioteca Nacional de Agricultura
041 _a(Pt)
072 _aF60
100 1 _aArruda, F.P. de
100 1 _aAndrade, A.P. de
100 1 _aSilva, I. de F. da
100 1 _aPereira, I.E.
100 1 _aGuimarães, M.A.M.
245 1 _aEmissão/abscisão de estruturas reprodutivas do algodoeiro herbáceo, cv. CNPA 7H: efeito do estresse hídrico
650 _aALGODÃO HERBÁCEO
650 _aMANEJO DE ÁGUA
650 _aCRESCIMENTO
773 0 _tRevista Brasileira de Engenharia Agrícola e Ambiental (Brazil)
_xISSN 1415-4366
_g(Jan-Apr 2002), v. 6(1) p. 21-27
_wBR0203559
909 _a202311
_bLúcia
_c55
_dLúcia Elande
942 _2AGRIS
_n0
_cANA
999 _c171105
_d171105